Prontuario Tributario 2019

Bibliographic Details
Format: eBook
Language:Spanish
Published: Ciudad de Mx̌ico: Tax Editores, 2019
Subjects:
Online Access:Acceso restringido

MARC

LEADER 00000nam a22000007a 4500
005 20190807003832.0
007 cr|||| ||||
008 190807s2019 mx |||||s|||| 00||0 spa d
020 |a 978-607-629-367-6 
035 |a 23930 
040 |a vLex 
090 |c 9118  |d 9118 
245 0 0 |a Prontuario Tributario 2019  |h [Recurso electrn̤ico] / 
256 |a Servicio en ln̕ea 
260 |a Ciudad de Mx̌ico:  |b Tax Editores,  |c 2019 
300 |a 1 recurso electrn̤ico 
506 1 |a Disponible solo en los productos indicados  |d vLex Global  |d vLex Global (Academic Edition, excluding Law Schools)  |d vLex Global (U.S. Academic Edition, Law Schools)  |d vLex Global (U.S. Academic Edition, excluding Law Schools)  |d vLex Global (Academic Edition, Law Schools) 
650 0 4 |a Derecho Fiscal  |z Mx̌ico 
740 0 |a vLex Libros (Servicio en ln̕ea) 
856 4 0 |u http://vlex.com/source/prontuario-tributario-2019-23930  |z Acceso restringido 
942 |c BOOK 
999 0 |a Tax Law